[Event "NM for klubblag 2018"]
[Site "Quality Hotel Edvard Grieg, Bergen"]
[Date "2018.05.10"]
[Round "1"]
[White "Sviland, Atle"]
[Black "Abdulrauf, Elham"]
[Result "0-1"]
[WhiteElo "1794"]
[BlackElo "2149"]
[PlyCount "82"]
[EventDate "2018.??.??"]

1. Nf3 Nf6 2. g3 d5 3. d3 c5 4. Bg2 Nc6 5. O-O e5 6. Nbd2 Bg4 7. b3 e4 8. Ng5
h6 9. Nh3 Qd7 10. Nf4 g5 11. h3 Bf5 12. g4 gxf4 13. gxf5 Qxf5 14. dxe4 dxe4 15.
Bb2 Rg8 16. Kh1 O-O-O 17. Bxf6 Qxf6 18. Rg1 Bg7 19. Rc1 e3 20. fxe3 fxe3 21.
Ne4 Rxd1 22. Nxf6 Rxg1+ 23. Rxg1 Bxf6 24. Rf1 Bd4 25. Rxf7 Rg7 26. Rf5 Ne7 27.
Rh5 Rg5 28. Rxh6 Nf5 29. Rh7 Rg7 30. Rh8+ Kc7 31. Re8 Ng3+ 32. Kh2 Nxe2 33. Bf3
Rf7 34. Kg2 Nc3 35. a4 Rg7+ 36. Bg4 Rf7 37. Bf3 Nb1 38. Kg3 Nd2 39. Be2 a6 40.
c3 Kd7 41. Rb8 Be5+
0-1

[Event "NM for klubblag 2018"]
[Site "Quality Hotel Edvard Grieg, Bergen"]
[Date "2018.05.10"]
[Round "1"]
[White "Haugsdal, Arn-Tore"]
[Black "Bjørkly, Sara Marie Skaug"]
[Result "1-0"]
[WhiteElo "1987"]
[BlackElo "1343"]
[PlyCount "71"]
[EventDate "2018.??.??"]

1. e4 d5 2. exd5 Nf6 3. Bb5+ Bd7 4. Bc4 c6 5. Nc3 Bg4 6. f3 Bh5 7. g4 Bg6 8. h4
h6 9. Nge2 Nxd5 10. d4 e6 11. Nf4 Nxc3 12. bxc3 Bh7 13. Qe2 Be7 14. g5 Bf5 15.
Nh5 hxg5 16. Nxg7+ Kd7 17. Nxf5 exf5 18. Bxf7 Qf8 19. Qe6+ Kc7 20. h5 Rh6 21.
Bg6 f4 22. Bb2 Nd7 23. O-O-O Nb6 24. c4 Ba3 25. Qe5+ Qd6 26. Bxa3 Qxe5 27. dxe5
Nxc4 28. Be7 Rhh8 29. Bxg5 Rhf8 30. e6 Nd6 31. e7 Rg8 32. Bxf4 Kd7 33. Rhe1
Rxg6 34. hxg6 Rg8 35. Rxd6+ Ke8 36. Rd8#
1-0

[Event "NM for klubblag 2018"]
[Site "Quality Hotel Edvard Grieg, Bergen"]
[Date "2018.05.10"]
[Round "1"]
[White "Tryggestad, Andreas G"]
[Black "Bolstad, Henning"]
[Result "1-0"]
[WhiteElo "2251"]
[BlackElo "1960"]
[PlyCount "69"]
[EventDate "2018.??.??"]

1. e4 d5 2. exd5 Qxd5 3. Nf3 Nf6 4. d4 Bg4 5. Be2 e6 6. h3 Bh5 7. O-O Nc6 8. c4
Qd7 9. Be3 Rd8 10. Nc3 Be7 11. Qb3 Bxf3 12. Bxf3 Nxd4 13. Qxb7 c5 14. Rad1 Qxb7
15. Bxb7 Rb8 16. Bxd4 Rxb7 17. Bxf6 Bxf6 18. Nb5 O-O 19. b3 a6 20. Nd6 Rd7 21.
Ne4 Rc7 22. Rd6 Ra8 23. Nxf6+ gxf6 24. Rfd1 Kg7 25. Rd7 Rcc8 26. R1d6 Kg6 27.
Rb6 a5 28. Rbb7 a4 29. Rxf7 axb3 30. axb3 h5 31. Rh7 Rab8 32. Rbg7+ Kf5 33.
Rxh5+ Ke4 34. Rg3 f5 35. Re3+
1-0

[Event "NM for klubblag 2018"]
[Site "Quality Hotel Edvard Grieg, Be"]
[Date "2018.05.10"]
[Round "1"]
[White "Christiansen, Johan-Sebastian"]
[Black "Kristoffersen, Arne Skodvin"]
[Result "1-0"]
[WhiteElo "2499"]
[BlackElo "1776"]
[PlyCount "63"]
[EventDate "2018.??.??"]

1. e4 c5 2. Nf3 e6 3. Nc3 a6 4. d4 cxd4 5. Nxd4 Qc7 6. a3 Nf6 7. Be3 d6 8. f4
Nbd7 9. Qf3 b6 10. g4 h5 11. g5 Ng4 12. Bg1 e5 13. Nd5 Qb7 14. Nb3 exf4 15.
Qxf4 g6 16. Qg3 Nge5 17. Qc3 Bg7 18. O-O-O O-O 19. Bg2 Nc5 20. Nf6+ Bxf6 21.
gxf6 Be6 22. Nxc5 bxc5 23. Rxd6 Nd7 24. Bf3 Bg4 25. Bxg4 hxg4 26. Qe3 Rab8 27.
b3 Nxf6 28. Rxf6 Qe7 29. Qf4 a5 30. Rc6 c4 31. Bc5 Qd7 32. Rc7 1-0

[Event "NM for klubblag 2018"]
[Site "Quality Hotel Edvard Grieg, Bergen"]
[Date "2018.05.10"]
[Round "1"]
[White "Cithu, Arun Vijay"]
[Black "Risting, Eivind Olav"]
[Result "0-1"]
[WhiteElo "1430"]
[BlackElo "2297"]
[PlyCount "74"]
[EventDate "2018.??.??"]

1. e4 c6 2. Nf3 d5 3. exd5 cxd5 4. d4 Nc6 5. Bd3 Bg4 6. c3 e6 7. O-O Nf6 8. Bg5
Be7 9. Nbd2 O-O 10. Qc2 h6 11. Bxf6 Bxf6 12. Rfe1 Rc8 13. h3 Bxf3 14. Nxf3 Nxd4
15. Nxd4 Bxd4 16. Qe2 Bb6 17. Rad1 Qf6 18. Bc2 Rc4 19. Qf1 h5 20. Rd3 Rf4 21.
Re2 h4 22. g3 hxg3 23. Rxg3 g6 24. Qg2 Kg7 25. Rg4 Rh8 26. Qg3 Rf3 27. Qe5 Qxe5
28. Rxe5 Rxf2 29. Bd1 Re2+ 30. Kf1 Rxe5 31. Rg3 Rh4 32. Kg2 Re1 33. Bf3 Rf4 34.
Kh2 e5 35. Bxd5 e4 36. Rg2 Rff1 37. Bxb7 Bc7+
0-1

[Event "NM for klubblag 2018"]
[Site "Quality Hotel Edvard Grieg, Bergen"]
[Date "2018.05.10"]
[Round "1"]
[White "Diesen, Bruce"]
[Black "Shehzad, Alisha"]
[Result "1-0"]
[WhiteElo "2161"]
[BlackElo "1669"]
[PlyCount "83"]
[EventDate "2018.??.??"]

1. e4 c5 2. Nf3 e6 3. d4 cxd4 4. Nxd4 Nc6 5. Nc3 a6 6. Be3 Qc7 7. Qd2 Nf6 8.
Bd3 Ne5 9. f3 Be7 10. O-O-O Nxd3+ 11. Qxd3 b5 12. g4 b4 13. Na4 d5 14. e5 Qxe5
15. Nc6 Qc7 16. Nxe7 Qxe7 17. Bc5 Qb7 18. Qd4 Qb5 19. b3 a5 20. Rhe1 Bb7 21.
Nb6 Rd8 22. Nc4 Qa6 23. Re5 Rd7 24. Nb6 Rc7 25. g5 Nd7 26. Rxe6+ fxe6 27. Qxg7
Nxc5 28. Qxh8+ Ke7 29. Qg7+ Kd6 30. Qf8+ Kc6 31. Nc4 Rd7 32. Ne5+ Kc7 33. Qxc5+
Kd8 34. Qf8+ Kc7 35. Qc5+ Kd8 36. Nxd7 Kxd7 37. Re1 Kd8 38. Qf8+ Kd7 39. Qf7+
Kc6 40. Rxe6+ Kb5 41. Rxa6 Bxa6 42. Qxd5+
1-0

[Event "NM for klubblag 2018"]
[Site "Quality Hotel Edvard Grieg, Bergen"]
[Date "2018.05.10"]
[Round "1"]
[White "Eliseev, Sergey"]
[Black "Hammerstad, Asmund"]
[Result "0-1"]
[WhiteElo "1660"]
[BlackElo "2211"]
[PlyCount "78"]
[EventDate "2018.??.??"]

1. e4 e6 2. d4 d5 3. Bd3 c5 4. Be3 cxd4 5. Bb5+ Bd7 6. Bxd7+ Qxd7 7. Qxd4 Nc6
8. Qa4 Nb4 9. Qxd7+ Kxd7 10. Na3 dxe4 11. O-O-O+ Kc6 12. Nc4 f6 13. Ne2 Nd5 14.
Nd4+ Kd7 15. Nb5 b6 16. Bxb6 axb6 17. Nxb6+ Kc6 18. Nxa8 Kxb5 19. Rhe1 f5 20.
Rd4 Ngf6 21. Red1 Bc5 22. c4+ Ka6 23. cxd5 Bxd4 24. Rxd4 Rxa8 25. Ra4+ Kb7 26.
Rxa8 Kxa8 27. dxe6 Kb7 28. a4 Kc6 29. a5 Nd5 30. Kc2 Kb5 31. Kb3 Kxa5 32. Kc4
Nc7 33. e7 Kb6 34. Kd4 Kc6 35. Ke5 g6 36. h4 Kd7 37. Kf6 f4 38. h5 gxh5 39. Kg5
e3
0-1

[Event "NM for klubblag 2018"]
[Site "Quality Hotel Edvard Grieg, Bergen"]
[Date "2018.05.10"]
[Round "1"]
[White "Gjestemoen-VonHirsch, Andre"]
[Black "Løvik, Lasse Østebø"]
[Result "1/2-1/2"]
[WhiteElo "1829"]
[BlackElo "2376"]
[PlyCount "137"]
[EventDate "2018.??.??"]

1. e4 e6 2. Nf3 d5 3. Nc3 Nf6 4. e5 Nfd7 5. d4 c5 6. dxc5 Bxc5 7. Bd3 Nc6 8.
Bf4 h6 9. a3 g5 10. Bg3 g4 11. Nd2 Ndxe5 12. Bb5 Bd7 13. Bxc6 Nxc6 14. Qxg4 h5
15. Qe2 Nd4 16. Qd3 Qf6 17. O-O-O Qf5 18. Nde4 dxe4 19. Nxe4 Rc8 20. Qxd4 O-O
21. Nxc5 Rxc5 22. Qd3 Qxd3 23. Rxd3 Bb5 24. Rd2 Rfc8 25. b3 Bc6 26. f3 Bd5 27.
Kb2 b5 28. Bf2 R5c7 29. Bd4 Kh7 30. Re1 Kg6 31. Re3 f6 32. g4 e5 33. gxh5+ Kf7
34. Bxa7 Be6 35. Bb6 Rc6 36. Ba5 Bf5 37. Rc3 Rxc3 38. Bxc3 Rh8 39. a4 bxa4 40.
bxa4 Rxh5 41. a5 Rh4 42. Rf2 Be6 43. Ka3 Bc4 44. Kb4 Ke6 45. f4 Ba6 46. Kc5 Rh8
47. fxe5 fxe5 48. Kb6 Bc4 49. Rg2 Kd5 50. Rd2+ Ke6 51. a6 Rb8+ 52. Kc7 Ra8 53.
Rd6+ Kf5 54. Kb7 Rg8 55. a7 Be2 56. Kb6 Bf3 57. Rh6 Re8 58. Bd2 Rc8 59. c3 Rd8
60. Bc1 Rc8 61. Bb2 Kg5 62. Rh7 Kg6 63. Rc7 Rd8 64. Rc6+ Kf5 65. Rc7 Ke6 66. c4
Rd6+ 67. Ka5 Rd2 68. Ba3 Ra2 69. Kb4
1/2-1/2

[Event "NM for klubblag 2018"]
[Site "Quality Hotel Edvard Grieg, Bergen"]
[Date "2018.05.10"]
[Round "1"]
[White "Mongstad, Dag"]
[Black "Gundersen, Helge"]
[Result "0-1"]
[WhiteElo "1384"]
[BlackElo "2087"]
[PlyCount "42"]
[EventDate "2018.??.??"]

1. e4 e6 2. d4 d5 3. Nd2 dxe4 4. Nxe4 Qd5 5. Nf3 Qxe4+ 6. Be2 Nf6 7. O-O Be7 8.
Re1 O-O 9. Ne5 c5 10. c3 cxd4 11. Bf3 Qf5 12. g4 Nxg4 13. Bxg4 Qf6 14. Bh5 dxc3
15. Ng4 Qh4 16. Re4 Kh8 17. Bh6 Qxh5 18. Bxg7+ Kxg7 19. Qd4+ f6 20. Nh6 e5 21.
Rg4+ Bxg4
0-1

[Event "NM for klubblag 2018"]
[Site "Quality Hotel Edvard Grieg, Bergen"]
[Date "2018.05.10"]
[Round "1"]
[White "Woldseth, Ole"]
[Black "Howell, David W L"]
[Result "0-1"]
[WhiteElo "2073"]
[BlackElo "2701"]
[PlyCount "82"]
[EventDate "2018.??.??"]

1. d4 e6 2. Nf3 Nf6 3. c4 c5 4. d5 exd5 5. cxd5 d6 6. Nc3 g6 7. Bf4 a6 8. a4
Bg7 9. h3 O-O 10. e3 Qe7 11. Be2 Nbd7 12. O-O Rb8 13. Qb3 Ne8 14. Nd2 f5 15.
Rfe1 Kh8 16. Nc4 b6 17. Bg3 Be5 18. Bxe5+ dxe5 19. f4 Nd6 20. Rad1 e4 21. Kh2
Nxc4 22. Qxc4 Qd6 23. Rb1 Bb7 24. b4 cxb4 25. Rxb4 Rbc8 26. Qb3 Rc5 27. Rd1
Rfc8 28. Rc4 Nf6 29. Rdd4 h5 30. g3 Kh7 31. Qd1 Rxc4 32. Bxc4 h4 33. Ne2 hxg3+
34. Nxg3 Rc5 35. Qe2 a5 36. Kg1 Bxd5 37. Qd2 Qc6 38. Bxd5 Rxd5 39. Ne2 Qc5 40.
Rxd5 Nxd5 41. Nd4 Qc3
0-1

[Event "NM for klubblag 2018"]
[Site "Quality Hotel Edvard Grieg, Bergen"]
[Date "2018.05.10"]
[Round "1"]
[White "Hølleland, Sigve"]
[Black "Lexander, Harald"]
[Result "1-0"]
[WhiteElo "2008"]
[BlackElo "1378"]
[PlyCount "33"]
[EventDate "2018.??.??"]

1. c4 e6 2. g3 d5 3. Bg2 Nf6 4. Nf3 Be7 5. O-O O-O 6. d4 c6 7. Nc3 Nbd7 8. Bf4
Ne4 9. Qc2 f5 10. Rad1 g5 11. Bc1 h5 12. Qb3 g4 13. Ne1 h4 14. Nd3 Ng5 15. Nf4
Bd6 16. cxd5 Bxf4 17. dxe6
1-0

[Event "NM for klubblag 2018"]
[Site "Quality Hotel Edvard Grieg, Bergen"]
[Date "2018.05.10"]
[Round "1"]
[White "Urkedal, Frode Olav Olsen"]
[Black "Kakushadze, Ilia"]
[Result "1-0"]
[WhiteElo "2548"]
[BlackElo "2160"]
[PlyCount "52"]
[EventDate "2018.??.??"]

1. d4 Nf6 2. c4 c5 3. d5 b5 4. cxb5 a6 5. bxa6 g6 6. a7 Rxa7 7. Nc3 Bg7 8. e4
O-O 9. Nf3 e6 10. Be2 exd5 11. e5 Ne4 12. Nxd5 Qa5+ 13. Nd2 Bb7 14. Ne7+ Kh8
15. O-O Qd8 16. Nxe4 Qxe7 17. Nd6 Bxe5 18. Nxb7 Rxb7 19. Bf3 Rb4 20. a3 Rb6 21.
a4 Nc6 22. a5 Ra6 23. Re1 Qf6 24. Qe2 Qh4 25. g3 Qb4 26. Bxc6 Re8
1-0

[Event "NM for klubblag 2018"]
[Site "Quality Hotel Edvard Grieg, Bergen"]
[Date "2018.05.10"]
[Round "1"]
[White "Storme, Isak"]
[Black "Kristiansen, Snorre"]
[Result "1-0"]
[WhiteElo "2313"]
[BlackElo "1749"]
[PlyCount "61"]
[EventDate "2018.??.??"]

1. Nf3 d5 2. c4 e6 3. d4 Nf6 4. g3 Be7 5. Bg2 O-O 6. O-O b6 7. Ne5 Bb7 8. Nc3
Nbd7 9. Qa4 Nxe5 10. dxe5 Ne8 11. cxd5 exd5 12. Nxd5 Bxd5 13. Rd1 c6 14. e4 b5
15. Qc2 Rc8 16. Be3 a6 17. exd5 cxd5 18. Qb3 Nc7 19. a4 b4 20. Bh3 Rb8 21. Rac1
Rb7 22. Rc6 Qb8 23. Rdc1 Kh8 24. Bd4 a5 25. Qe3 Bd8 26. Bf5 Re8 27. Qf3 Bg5 28.
Qh5 Bh6 29. Rxh6 Kg8 30. Rxh7 Kf8 31. Bc5+
1-0

[Event "NM for klubblag 2018"]
[Site "Quality Hotel Edvard Grieg, Bergen"]
[Date "2018.05.10"]
[Round "1"]
[White "Marosevic, Tomislav"]
[Black "Svensen, Tarjei Joten"]
[Result "0-1"]
[WhiteElo "1605"]
[BlackElo "2074"]
[PlyCount "66"]
[EventDate "2018.??.??"]

1. d4 d5 2. Nf3 Nf6 3. c4 c6 4. cxd5 cxd5 5. Nc3 Nc6 6. Bf4 a6 7. e3 g6 8. Be2
Bg7 9. O-O O-O 10. a3 Bf5 11. b4 Rc8 12. Rc1 Ne4 13. Qb3 Bg4 14. Rc2 e6 15. h3
Bxf3 16. Bxf3 Nd6 17. Rfc1 Nc4 18. Be2 b5 19. a4 Qb6 20. axb5 axb5 21. Nd1 Ra8
22. Nb2 Ra6 23. Qc3 Rfa8 24. Qe1 Bf8 25. Nd3 Ra4 26. Nb2 Rxb4 27. Nd3 Rba4 28.
Nb2 Ra2 29. Rb1 Na3 30. Na4 Nxc2 31. Nxb6 Nxe1 32. Nxa8 Rxe2 33. Kf1 Ra2
0-1

[Event "NM for klubblag 2018"]
[Site "Quality Hotel Edvard Grieg, Bergen"]
[Date "2018.05.10"]
[Round "1"]
[White "Nyland, Thomas"]
[Black "Murugesh, Niran-Jan"]
[Result "1-0"]
[WhiteElo "2069"]
[BlackElo "1567"]
[PlyCount "63"]
[EventDate "2018.??.??"]

1. f4 d5 2. Nf3 Nc6 3. g3 Nf6 4. Bg2 g6 5. O-O Bg7 6. d3 O-O 7. c3 Re8 8. d4
Ne4 9. Nbd2 Bf5 10. Ne5 Nxe5 11. fxe5 Nxd2 12. Bxd2 Qd7 13. Rf2 Bh3 14. Bxh3
Qxh3 15. Qb3 Qd7 16. Raf1 e6 17. Rxf7 Qxf7 18. Rxf7 Kxf7 19. Qxb7 Rec8 20. Qc6
Re8 21. Qxc7+ Kg8 22. Bg5 Rf8 23. Qd7 Rae8 24. Be7 Rxe7 25. Qxe7 Bh6 26. Qxe6+
Kg7 27. Qxd5 Be3+ 28. Kg2 Rf2+ 29. Kh3 Rxe2 30. Qf3 Re1 31. Qf6+ Kh6 32. Kg4
1-0

[Event "NM for klubblag 2018"]
[Site "Quality Hotel Edvard Grieg, Bergen"]
[Date "2018.05.10"]
[Round "1"]
[White "Myrheim, Håkon Abeland"]
[Black "Østenstad, Berge"]
[Result "0-1"]
[WhiteElo "1890"]
[BlackElo "2442"]
[PlyCount "96"]
[EventDate "2018.??.??"]

1. e4 e6 2. d4 d5 3. Nd2 Be7 4. Ngf3 Nf6 5. e5 Nfd7 6. Bd3 c5 7. c3 b6 8. Qe2
a5 9. O-O Ba6 10. Bxa6 Nxa6 11. c4 Nc7 12. b3 O-O 13. Bb2 a4 14. Rfd1 Qb8 15.
Rac1 Qb7 16. h4 Rfd8 17. cxd5 Nxd5 18. g3 axb3 19. axb3 Ra2 20. Nf1 b5 21. Ra1
Rda8 22. Rxa2 Rxa2 23. Ra1 Rxa1 24. Bxa1 Qa6 25. Qd1 c4 26. bxc4 bxc4 27. Ne1
Qa2 28. Nc2 N7b6 29. Nfe3 Qb3 30. Qd2 Qa2 31. Qc1 h6 32. Nd1 Qb3 33. Qb2 Na4
34. Qxb3 cxb3 35. Nce3 Nxe3 36. Nxe3 b2 37. Bxb2 Nxb2 38. d5 Bc5 39. dxe6 fxe6
40. Ng4 h5 41. Nh2 Nd3 42. Nf3 Nxf2 43. Kg2 Kf7 44. Ng5+ Ke7 45. Kf3 Ng4 46.
Ke4 Bf2 47. Kf3 Bd4 48. Ke4 Bxe5
0-1

[Event "NM for klubblag 2018"]
[Site "Quality Hotel Edvard Grieg, Bergen"]
[Date "2018.05.10"]
[Round "1"]
[White "Tisdall, Jonathan D"]
[Black "Shehzad, Shazil"]
[Result "1/2-1/2"]
[WhiteElo "2402"]
[BlackElo "1921"]
[PlyCount "84"]
[EventDate "2018.??.??"]

1. Nf3 c5 2. c4 b6 3. Nc3 Bb7 4. e4 e6 5. d4 cxd4 6. Nxd4 a6 7. Be2 d6 8. O-O
Nf6 9. f3 Qc7 10. Be3 Nbd7 11. Rc1 Be7 12. Nd5 exd5 13. cxd5 Qd8 14. Nc6 Bxc6
15. dxc6 Nc5 16. b4 Ne6 17. c7 Qd7 18. Bxa6 Nxc7 19. Bb7 O-O 20. Bxa8 Rxa8 21.
Bxb6 Ne6 22. Rf2 Qb5 23. Ba5 d5 24. Qe2 Qb7 25. exd5 Nxd5 26. a3 Bg5 27. Rff1
Bxc1 28. Rxc1 Rc8 29. Rc2 h6 30. Rxc8+ Qxc8 31. Qd2 Qc3 32. Qxc3 Nxc3 33. Bb6
Na4 34. Be3 Nc7 35. Kf2 Kf8 36. Ke2 Ke7 37. Kd3 Kd6 38. Bf4+ Kc6 39. Bxc7 Kxc7
40. Kc4 Kc6 41. b5+ Kb6 42. Kd5 Kc7
1/2-1/2

[Event "NM for klubblag 2018"]
[Site "Quality Hotel Edvard Grieg, Bergen"]
[Date "2018.05.10"]
[Round "1"]
[White "Getz, Nicolai"]
[Black "Larsen, Stig Børje"]
[Result "1-0"]
[WhiteElo "2411"]
[BlackElo "1859"]
[PlyCount "59"]
[EventDate "2018.??.??"]

1. e4 g6 2. d4 Bg7 3. Nc3 c5 4. dxc5 Bxc3+ 5. bxc3 Nf6 6. Bd3 Qa5 7. Ne2 Qxc5
8. O-O Nc6 9. Rb1 a6 10. Be3 Qh5 11. f3 d6 12. c4 O-O 13. Nf4 Qe5 14. Nd5 Nd7
15. c3 Nc5 16. Bc2 Rb8 17. Qe1 Rd8 18. Qh4 f6 19. Qf2 Nd7 20. Ba4 Qe6 21. Rfd1
Nde5 22. Bb6 Rf8 23. Bc7 Ra8 24. Nb6 Ra7 25. Bb3 Nf7 26. c5 Qe5 27. cxd6 Kg7
28. Nc4 Qe6 29. d7 Rd8 30. Nb6
1-0

[Event "NM for klubblag 2018"]
[Site "Quality Hotel Edvard Grieg, Bergen"]
[Date "2018.05.10"]
[Round "1"]
[White "Vitenberg, Noam Aviv"]
[Black "Olsen, Geir"]
[Result "1-0"]
[WhiteElo "2103"]
[BlackElo "1459"]
[PlyCount "59"]
[EventDate "2018.??.??"]

1. d4 Nf6 2. c4 e6 3. Nf3 b6 4. Nc3 Bb7 5. e3 Bb4 6. Bd3 c5 7. O-O O-O 8. dxc5
Bxc5 9. Qc2 d5 10. cxd5 exd5 11. Rd1 Qe7 12. a3 a6 13. b3 Nbd7 14. Bb2 Rfc8 15.
Qe2 b5 16. Bf5 Rd8 17. Bh3 Nb6 18. Nd4 Bxd4 19. Rxd4 Bc8 20. Qf3 Rd6 21. a4
bxa4 22. Ba3 Qc7 23. Bxd6 Qxc3 24. Rdd1 Bxh3 25. Qxh3 axb3 26. Rac1 Qa5 27. Be5
Nfd7 28. Bd4 Rd8 29. Qg3 f6 30. Rc7
1-0

[Event "NM for klubblag 2018"]
[Site "Quality Hotel Edvard Grieg, Bergen"]
[Date "2018.05.10"]
[Round "1"]
[White "Sekkingstad, Thomas"]
[Black "Løbersli, Henrik Øie"]
[Result "0-1"]
[WhiteElo "1609"]
[BlackElo "2118"]
[PlyCount "44"]
[EventDate "2018.??.??"]

1. d4 Nf6 2. c4 c5 3. d5 b5 4. Qc2 g6 5. b3 Bg7 6. Bb2 O-O 7. e4 e6 8. Nf3 exd5
9. exd5 Re8+ 10. Be2 Qe7 11. Nc3 d6 12. Nxb5 Bf5 13. Qd1 Na6 14. a3 Nh5 15.
Bxg7 Nf4 16. Be5 Nxg2+ 17. Kf1 Bh3 18. Kg1 dxe5 19. Qd2 e4 20. Nc3 exf3 21.
Bxf3 Nh4 22. Be2 Qxe2
0-1

[Event "NM for klubblag 2018"]
[Site "Quality Hotel Edvard Grieg, Bergen"]
[Date "2018.05.10"]
[Round "2"]
[White "Vitenberg, Noam Aviv"]
[Black "Abdulrauf, Elham"]
[Result "1/2-1/2"]
[WhiteElo "2103"]
[BlackElo "2149"]
[PlyCount "87"]
[EventDate "2018.??.??"]

1. d4 Nf6 2. c4 e6 3. Nc3 Bb4 4. e3 O-O 5. Nf3 d5 6. Bd3 c5 7. O-O cxd4 8. exd4
dxc4 9. Bxc4 h6 10. Bf4 Bxc3 11. bxc3 b6 12. Qe2 Bb7 13. Rac1 Nbd7 14. Rfd1 Ne4
15. Bd3 Ndf6 16. Nd2 Nxd2 17. Qxd2 Be4 18. Be2 b5 19. Bxb5 Bxg2 20. Kxg2 Qd5+
21. f3 Qxb5 22. Rg1 Kh7 23. Kh1 Qf5 24. Qc2 Qxc2 25. Rxc2 Nd5 26. Be5 f6 27.
Bd6 Rfc8 28. Bc5 Nb6 29. Re2 Rc6 30. Rge1 e5 31. Bxb6 axb6 32. dxe5 fxe5 33.
Rxe5 Rxc3 34. Re7 Rxf3 35. Rg1 Rg8 36. Rb7 Ra3 37. Rxb6 Rxa2 38. Rb7 h5 39. Rb5
g6 40. Rb6 Kh6 41. Rc6 Ra5 42. Rb6 h4 43. Rb4 g5 44. Rxh4+
1/2-1/2

[Event "NM for klubblag 2018"]
[Site "Quality Hotel Edvard Grieg, Be"]
[Date "2018.05.10"]
[Round "2"]
[White "Sekkingstad, Thomas"]
[Black "Agustsson, Hafsteinn"]
[Result "1-0"]
[WhiteElo "1609"]
[BlackElo "1867"]
[PlyCount "109"]
[EventDate "2018.??.??"]

1. d4 Nf6 2. c4 e6 3. Nc3 Bb4 4. Qc2 d5 5. Nf3 O-O 6. Bf4 c5 7. e3 Nc6 8. Rd1
b6 9. Be2 cxd4 10. Nxd4 Nxd4 11. Rxd4 Qe7 12. Bg5 Bb7 13. O-O Bxc3 14. Qxc3 e5
15. Rd2 Rac8 16. Qb3 d4 17. Rfd1 dxe3 18. Qxe3 Bc6 19. Rd6 Kh8 20. b3 e4 21.
Bxf6 gxf6 22. Qd4 Kg7 23. Bg4 Rc7 24. Bf5 Qe5 25. Qxe5 fxe5 26. Re1 b5 27. cxb5
Bxb5 28. Bxe4 f5 29. Bd3 Bxd3 30. Rxd3 Rc2 31. Rd7+ Rf7 32. Rxf7+ Kxf7 33. g3
Ke6 34. a4 Rb2 35. Re3 Kd5 36. Rf3 Ke4 37. Kg2 a5 38. Rc3 Kd4 39. Rf3 Ke4 40.
Rc3 Kd4 41. Rc4+ Kd5 42. Rc7 Rxb3 43. Ra7 Ra3 44. Rxa5+ Kd4 45. Ra7 Ra2 46. h4
e4 47. Rxh7 e3 48. Rd7+ Kc4 49. Kf3 exf2 50. Rd1 Rd2 51. Rf1 Ra2 52. Rxf2 Rxa4
53. Kf4 Ra8 54. Re2 Rf8 55. Re5 1-0

[Event "NM for klubblag 2018"]
[Site "Quality Hotel Edvard Grieg, Bergen"]
[Date "2018.05.10"]
[Round "2"]
[White "Aulin-Jansson, Jøran"]
[Black "Storme, Isak"]
[Result "1-0"]
[WhiteElo "2287"]
[BlackElo "2313"]
[PlyCount "121"]
[EventDate "2018.??.??"]

1. e4 e5 2. Nf3 Nc6 3. Bb5 a6 4. Bxc6 dxc6 5. Nc3 f6 6. O-O Bg4 7. d3 Bd6 8. h3
Bh5 9. Be3 c5 10. a3 Ne7 11. g4 Bf7 12. Nh4 g5 13. Nf5 h5 14. Ng7+ Kf8 15. Nf5
hxg4 16. hxg4 Nxf5 17. exf5 Kg7 18. b3 Rh3 19. Kg2 e4 20. Nxe4 Qh8 21. Rg1 Bd5
22. Kf1 Rxe3 23. fxe3 Qh3+ 24. Kf2 Qh4+ 25. Kf1 Qh3+ 26. Ke2 Bxe4 27. dxe4 Qh2+
28. Kf1 Qh3+ 29. Kf2 Qh4+ 30. Kf1 Qh3+ 31. Rg2 Re8 32. Kf2 Qh4+ 33. Kg1 Rh8 34.
Kf1 Qh3 35. Kf2 Qh4+ 36. Ke2 Qh3 37. Qf1 Re8 38. Qf3 Qh8 39. Rd1 Re5 40. Rd5
Qe8 41. Kd3 Qb5+ 42. Kd2 Qa5+ 43. Ke2 Qxa3 44. Rd2 Qb4 45. Qh3 Qxe4 46. Rh2 Re8
47. Rh1 Kf8 48. Qf3 Qxf3+ 49. Kxf3 Kg7 50. c4 a5 51. Ra2 b6 52. Raa1 Re7 53.
Rh3 Rf7 54. Rah1 Kf8 55. Rh7 Rg7 56. Ke4 Kg8 57. Rh8+ Kf7 58. Kd5 Be5 59. Kc6
Ke7 60. Rc8 Rf7 61. Rhh8
1-0

[Event "NM for klubblag 2018"]
[Site "Quality Hotel Edvard Grieg, Bergen"]
[Date "2018.05.10"]
[Round "2"]
[White "Ayzenberg, Alena"]
[Black "Pedersen, Per Tore"]
[Result "1/2-1/2"]
[WhiteElo "1899"]
[BlackElo "1619"]
[PlyCount "128"]
[EventDate "2018.??.??"]

1. d4 d5 2. c4 c6 3. Nf3 Nf6 4. Nc3 dxc4 5. a4 Bf5 6. e3 e6 7. Bxc4 Bb4 8. O-O
O-O 9. h3 h6 10. Bd2 Nbd7 11. Qe2 Bh7 12. Rfd1 Re8 13. Ne5 Qc7 14. Nxd7 Qxd7
15. Be1 Rad8 16. f3 Qc7 17. e4 c5 18. Nb5 Qb8 19. Bxb4 cxb4 20. e5 Nd7 21. Nd6
Re7 22. a5 a6 23. Qd2 Qa7 24. Kh1 Nf8 25. Qxb4 Ng6 26. Qd2 Nh4 27. Bd3 Bxd3 28.
Qxd3 Ng6 29. Qe4 Red7 30. Qg4 Ne7 31. Qh4 Nc8 32. Nxc8 Rxc8 33. Qg4 Rc4 34.
Rdc1 Rcxd4 35. Qg3 Rd2 36. b4 Qd4 37. Rab1 Rb2 38. Rxb2 Qxb2 39. Rc8+ Kh7 40.
Qf4 Qd4 41. Rc4 Qxf4 42. Rxf4 g5 43. Re4 Kg6 44. Kh2 f6 45. exf6 Kxf6 46. h4 e5
47. hxg5+ hxg5 48. Kg3 Rd4 49. Rxd4 exd4 50. Kf2 Ke5 51. g3 Kd5 52. Ke2 Kc4 53.
f4 gxf4 54. gxf4 Kxb4 55. Kd3 Kc5 56. f5 Kd5 57. f6 Ke6 58. Kxd4 Kxf6 59. Kc5
Ke7 60. Kb6 Kd7 61. Kxb7 Kd8 62. Kxa6 Kc7 63. Ka7 Kc6 64. a6 Kc7
1/2-1/2

[Event "NM for klubblag 2018"]
[Site "Quality Hotel Edvard Grieg, Be"]
[Date "2018.05.10"]
[Round "2"]
[White "Bern, Ivar"]
[Black "Haug, Johannes"]
[Result "0-1"]
[WhiteElo "2308"]
[BlackElo "2387"]
[PlyCount "128"]
[EventDate "2018.??.??"]

1. Nf3 d5 2. g3 Nf6 3. Bg2 e6 4. O-O b5 5. d3 Bb7 6. e4 Be7 7. e5 Nfd7 8. h4 h6
9. h5 c5 10. Bf4 Nc6 11. Nbd2 Qc7 12. c4 bxc4 13. dxc4 Nb6 14. Qe2 O-O 15. b3
Rfd8 16. Rac1 dxc4 17. Nxc4 Nxc4 18. Qxc4 a5 19. Rfd1 Nb4 20. Be3 Nxa2 21.
Rxd8+ Rxd8 22. Ra1 Nb4 23. Qg4 Kf8 24. Ne1 Nd5 25. Bd2 Qxe5 26. Rxa5 Nf6 27.
Qf4 Qxf4 28. Bxf4 Bxg2 29. Kxg2 Nxh5 30. Be3 Nf6 31. Bxc5 Bxc5 32. Rxc5 Rb8 33.
Rc3 Ne4 34. Re3 Nc5 35. Nd3 Nxb3 36. Ne5 Rb7 37. Rc3 g6 38. Rc8+ Kg7 39. Nc4
Ra7 40. Ne5 Rb7 41. Nc4 Rd7 42. Ne5 Rd5 43. f4 Rc5 44. Rb8 Na5 45. Ra8 Nc4 46.
Nd3 Rd5 47. Nf2 h5 48. Ne4 Rd7 49. Ng5 Ne3+ 50. Kf3 Nf5 51. Ra3 Rb7 52. Kg2 Nh6
53. Ra2 Ng4 54. Rd2 e5 55. fxe5 Nxe5 56. Ra2 Re7 57. Ra6 Ng4 58. Ra2 f6 59. Nf3
g5 60. Rb2 Kg6 61. Ra2 Rc7 62. Rb2 Rc2+ 63. Rxc2 Ne3+ 64. Kf2 Nxc2 0-1

[Event "NM for klubblag 2018"]
[Site "Quality Hotel Edvard Grieg, Bergen"]
[Date "2018.05.10"]
[Round "2"]
[White "Bjørkly, Sara Marie Skaug"]
[Black "Marosevic, Tomislav"]
[Result "1-0"]
[WhiteElo "1343"]
[BlackElo "1605"]
[PlyCount "53"]
[EventDate "2018.??.??"]

1. d4 c5 2. d5 Nf6 3. c4 e6 4. Nc3 exd5 5. cxd5 d6 6. e4 g6 7. Qc2 Bg7 8. Bg5
O-O 9. Bd3 a6 10. a4 Nbd7 11. f4 Re8 12. Nge2 Qa5 13. O-O c4 14. Ng3 cxd3 15.
Qxd3 Ng4 16. Kh1 Qb6 17. Qe2 Nc5 18. f5 gxf5 19. Nxf5 Bxf5 20. Rxf5 Bxc3 21.
Qxg4 Rxe4 22. Qg3 Be1 23. Rxe1 Rxe1+ 24. Qxe1 Qxb2 25. Bf6 Qb3 26. Rg5+ Kf8 27.
Qe7#
1-0

[Event "NM for klubblag 2018"]
[Site "Quality Hotel Edvard Grieg, Bergen"]
[Date "2018.05.10"]
[Round "2"]
[White "Christiansen, Johan-Sebastian"]
[Black "Ringen, Julian Lothe"]
[Result "1-0"]
[WhiteElo "2499"]
[BlackElo "1601"]
[PlyCount "43"]
[EventDate "2018.??.??"]

1. e4 d5 2. exd5 Nf6 3. d4 Bg4 4. Be2 Bxe2 5. Qxe2 Qxd5 6. Nf3 Nc6 7. c4 Qe4 8.
Be3 e6 9. O-O O-O-O 10. Nc3 Qg6 11. a3 Ne4 12. Nh4 Nxc3 13. bxc3 Qe4 14. Nf3 f6
15. Rfb1 g5 16. Nd2 Qg6 17. c5 a6 18. Rb2 e5 19. Rab1 exd4 20. cxd4 Nxd4 21.
Bxd4 Rxd4 22. Qe6+
1-0